000 00600nam a2200229 i 4500
001 C2-0091830
003 PPAK
005 20180727092621.0
008 970514s1983 enka|||| ||||| | eng d
020 _a0706362489
040 _aPPAK
_beng
_cPPAK
_erda
082 0 4 _a641.758
_223
090 0 0 _a641.758
_bRID
_dG
100 1 _aRidgway, Judy,
_eauthor
245 1 0 _aBarbecues
264 1 _aLondon :
_bWard Lock ,
_c1983
300 _a80 pages :
_bcolour illustrations ;
_c22 cm
336 _2rdacontent
_atext
337 _2rdamedia
_aunmediated
338 _2rdacarrier
_avolume
942 _ddc
_cB
999 _c19624
_d19624